000 00907ntaaa2200253 4500
003 01
005 20251027203324.0
008 0714s1973 ag 01
040 _aAR-BaBN
_bspa
_cAR-BaBN
_eaacr
_dRIC
082 _a264 G93
100 _aGuevara, Ester
_936720
245 _aAdoración :
_buna cuestión vital /
_cEster Guevara, dirigido por Dina De Carro
260 _aBuenos Aires,
_c1993
300 _a102 h. ;
_c29 cm.
500 _aIncluye notas a pie de página bibliográficas
500 _aBibliografía: h. 100-102
502 _a(licenciatura)-Seminario Internacional Teológico Bautista, Buenos Aires, 1993
505 _tParte I. Una perspectiva neotestamentaria de la Iglesia
505 _tParte II. Un enfoque de una nueva perspectiva de adoración en la Iglesia neotestamentaria
650 _aTESIS
650 _aADORACION
700 _aDe Carro, Dina
_edirector
_936721
942 _cBK
999 _c28729
_d28729